书目信息 |
| 题名: |
工程制图及CAD
|
|
| 作者: | 马义荣 主编 | |
| 分册: | ||
| 出版信息: | 北京 机械工业出版社 2005.05 |
|
| 页数: | 281页 | |
| 开本: | 26cm | |
| 丛书名: | ||
| 单 册: | ||
| 中图分类: | TB237 | |
| 科图分类: | ||
| 主题词: | 工程制图 | |
| 电子资源: | ||
| ISBN: | 7-111-16253-6 | |
| 000 | 00548nam0 2200193 450 | |
| 001 | 173 | |
| 005 | 20160905101433.85 | |
| 010 | @a7-111-16253-6@dCNY25.00 | |
| 100 | @a20160721d2005 km y0chiy0120 ea | |
| 101 | 0 | @achi |
| 102 | @aCN@b110000 | |
| 200 | 1 | @a工程制图及CAD@Agong cheng zhi tu ji CAD@f马义荣主编@Fma yi rong zhu bian |
| 210 | @a北京@c机械工业出版社@d2005.05 | |
| 215 | @a281页@d26cm | |
| 606 | 0 | @a工程制图 |
| 690 | @aTB237@v4 | |
| 701 | 0 | @a马义荣@Ama yi rong@4主编 |
| 801 | 0 | @aCN@b唐山师范学院图书馆@c20160721 |
| 905 | @aZUCC@dTB237@e166 | |
| 工程制图及CAD/马义荣主编.-北京:机械工业出版社,2005.05 |
| 281页;26cm |
| ISBN 7-111-16253-6:CNY25.00 |
| ● |
| 相关链接 |
|
|
|
|
正题名:工程制图及CAD
索取号:TB237/166
 
预约/预借
| 序号 | 登录号 | 条形码 | 馆藏地/架位号 | 状态 | 备注 |
| 1 | 900735 | 209007359 | 第二样本阅览室/ [索取号:TB237/166] | 在馆 | |
| 2 | 900736 | 209007368 | 第三借阅区/ [索取号:TB237/166] | 在馆 | |
| 3 | 900737 | 209007377 | 第三借阅区/ [索取号:TB237/166] | 在馆 | |
| 4 | 900738 | 209007386 | 第三借阅区/ [索取号:TB237/166] | 在馆 | |
| 5 | 900739 | 209007395 | 第三借阅区/ [索取号:TB237/166] | 在馆 |